I Will Prevail Quiz Stats

 Plays Quiz not verified by Sporcle

Support Sporcle.
Go Orange.
Score 0/30 Timer 03:00
0 Plays Today
Lyric Missing Lyric % Correct
Once we were a...team
80%
We worked side by...side
80%
I will...prevail
70%
I will not...fail
70%
You may have thrown me out the...door
70%
I'll simply send my thanks to...youuuuuuuuuu
70%
I will...prevail
70%
Right through this...gale
70%
And my single source of...pride
60%
Spit me out into the...cold
60%
Well I won't because I'm...bollllllllllllllld
60%
I will...prevailllll
60%
I WILL...PREVAILLLLLLLLLL
60%
But I won't...cry
50%
or...weep
50%
Lyric Missing Lyric % Correct
or...wail
50%
Oh I'll weather this storm...too
50%
Yes I'll keep on smiling...through
50%
And while I'm turning...blue
50%
and...snow
50%
and...rain
50%
and...hail
50%
I will...prevail
50%
You were my...dedication
40%
Then you kicked me on my...can
40%
Did you think that I'd...fold?
40%
Through...wind
40%
and...ice
40%
and...sleet
40%
and...fog
40%

You're not logged in!

Compare scores with friends on all Sporcle quizzes.
OR
Log In

From the Vault

Cities with the Most Stadiums

by jonesjeffum

How do they find enough events to to put in these things?
Remove Ads.
Support Sporcle.
Get the best of Sporcle when you Go Orange. This ad-free experience offers more features, more stats, and more fun while also helping to support Sporcle. Thank you for becoming a member.

Show Comments

Extras

Top Quizzes Today


Score Distribution

Your Account Isn't Verified!

In order to create a playlist on Sporcle, you need to verify the email address you used during registration. Go to your Sporcle Settings to finish the process.

Report this User

Report this user for behavior that violates our Community Guidelines.

Details: